Effets paradoxaux des pratiques numériques sur les transformations du travail dans un pôle de CHU (notice n° 1597028)

détails MARC
000 -LEADER
fixed length control field 01809cam a2200241 4500500
005 - DATE AND TIME OF LATEST TRANSACTION
control field 20251228074200.0
041 ## - LANGUAGE CODE
Language code of text/sound track or separate title fre
042 ## - AUTHENTICATION CODE
Authentication code dc
100 10 - MAIN ENTRY--PERSONAL NAME
Personal name Wallenhorst, Nathanaël
Relator term author
245 00 - TITLE STATEMENT
Title Effets paradoxaux des pratiques numériques sur les transformations du travail dans un pôle de CHU
260 ## - PUBLICATION, DISTRIBUTION, ETC.
Date of publication, distribution, etc. 2017.<br/>
500 ## - GENERAL NOTE
General note 12
520 ## - SUMMARY, ETC.
Summary, etc. RésuméCette interview rend compte d'une recherche réalisée en milieu hospitalier à partir d'entretiens portant sur le traitement des mails. Ceux-ci ont conduit à découvrir d'autres outils numériques qui transforment radicalement l'organisation du travail entre les médecins et les assistantes. L'auteur formule l'hypothèse que le mail peut être un petit objet sociologique intéressant donnant accès à l'activité d'une organisation comme aux transformations du travail.
520 ## - SUMMARY, ETC.
Summary, etc. Paradoxical effects of digital practices on workplace transformation in a university hospitalThis interview relates to hospital research focusing on the perceptions of email handling amongst staff. The research has led to the discovery of other digital tools which have radically transformed work organization between doctors and assistants. The author formulates the hypothesis that email handling is of some small sociological interest because it offers a window onto organizational activity and transformation in the workplace.
690 ## - LOCAL SUBJECT ADDED ENTRY--TOPICAL TERM (OCLC, RLIN)
Topical term or geographic name as entry element CHU
690 ## - LOCAL SUBJECT ADDED ENTRY--TOPICAL TERM (OCLC, RLIN)
Topical term or geographic name as entry element MÉTHODOLOGIE SOCIOLOGIQUE
690 ## - LOCAL SUBJECT ADDED ENTRY--TOPICAL TERM (OCLC, RLIN)
Topical term or geographic name as entry element PRATIQUES NUMÉRIQUES
690 ## - LOCAL SUBJECT ADDED ENTRY--TOPICAL TERM (OCLC, RLIN)
Topical term or geographic name as entry element SOCIOLOGIE DU MAIL
690 ## - LOCAL SUBJECT ADDED ENTRY--TOPICAL TERM (OCLC, RLIN)
Topical term or geographic name as entry element TRANSFORMATIONS DU TRAVAIL
700 10 - ADDED ENTRY--PERSONAL NAME
Personal name Ould-Ferhat, Laurence
Relator term author
786 0# - DATA SOURCE ENTRY
Note Sociologies pratiques | 34 | 1 | 2017-05-10 | p. 103-109 | 1235-9278
856 41 - ELECTRONIC LOCATION AND ACCESS
Uniform Resource Identifier <a href="https://shs.cairn.info/revue-sociologies-pratiques-2017-1-page-103?lang=fr&redirect-ssocas=7080">https://shs.cairn.info/revue-sociologies-pratiques-2017-1-page-103?lang=fr&redirect-ssocas=7080</a>

Pas d'exemplaire disponible.

PLUDOC

PLUDOC est la plateforme unique et centralisée de gestion des bibliothèques physiques et numériques de Guinée administré par le CEDUST. Elle est la plus grande base de données de ressources documentaires pour les Étudiants, Enseignants chercheurs et Chercheurs de Guinée.

Adresse

627 919 101/664 919 101

25 boulevard du commerce
Kaloum, Conakry, Guinée

Réseaux sociaux

Powered by Netsen Group @ 2025